Statistics for Top Disney Movies

Click here to take the quiz!

General Stats

  • This quiz has been taken 510 times
  • The average score is 11 of 15

Answer Stats

HintAnswer% Correct
Let it goFrozen
100%
Loses a glass slipperCinderella
98%
Eats a poisonous appleSnow White
95%
Falls into a deep slumberSleeping Beauty
92%
Pretends to be a man to save her fatherMulan
89%
"I wanna wreck it!"Wreck it Ralph
89%
Gets trapped in castle with the "beast"Beauty and the Beast
87%
Becomes a frogPrincess and the frog
82%
Gives up her voiceThe Little Mermaid
76%
Mother turns into bearBrave
72%
" There's a snake in my boot! "Toy story
66%
Old robot meets humansWall-E
63%
Loses his son in the oceanFinding Nemo
52%
Fairy gets her wings cut offMaleficent
33%
Selfish squirrel tries to get nutsThe Nut Job
16%

Score Distribution

Percentile by Number Answered

Percent of People with Each Score

Your Score History

You have not taken this quiz